000 00428nam a2200169Ia 4500
008 221030s9999 xx 000 0 und d
020 _a8131760932
041 _aEnglish
100 _aS. P. Robbins
245 0 _aOrganisational Behaviour
_cby S. P. Robbins, T. A. Judge
250 _a14th
260 _bPearson Education
_aNew Delhi
_c2012
300 _a623
650 _aManagement
700 _aT. A. Judge
942 _cBK
999 _c14768
_d14768